000 00898nam a2200265 i 4500
003 DO-SdBNP
005 20250729080621.0
007 ta
008 250729b1944 dr c|||| |||| 00| 0 spa d
040 _aDO-SdBNP
_bspa
_cBNPHU
_erda
041 _hspa
082 4 _axxx
_bM294
_222
100 _974147
110 _aRepública Dominicana.
_bEjercito Nacional
_958697
245 1 0 _aManual de infanteria del Ejercito Nacional :
_bpreparado por una comisión de oficiales previamente designada por el comandante en jefe del Ejercito Nacional : era de Trujillo
264 4 _aSanto Domingo :
_bTalleres del Ejercito Nacional,
_c1944
300 _a246 páginas :
_bilustraciones ;
_c23 cm.
336 _atexto
_btxt
_2rdacontent
337 _asin mediación
_bn
_2rdamedia
338 _ardacarrier
_bvolumen
_2nc
590 _aInventariado, 2025/DG
700 _929504
910 _aDG
942 _2ddc
_cLBS1
999 _c59660
_d59660